000 00727nam a22002417a 4500
005 20170124110238.0
010 _aB-024084
020 _c60.00
035 _aB-024084
037 _bCen Lib/Ret
040 _aDPL
_bEN
082 _a658.15
_bKUC
100 _aKuchhal, S.C.
_923317
245 _aCorporation finance :
_cby S.C. Kuchhal
_bprinciples and problems /
250 _a19th ed
260 _aAllahabad
_bChaitanya Publishing House
_c1989
270 _aUniversity road
_bAllahabad
300 _aviii, 502p.
_c21cm.
_b
500 _aIncludes bibliographical references
650 _aFinancial management
_9106015
650 _aFinancial analysis
_926245
942 _2ddc
_cEN
_h658.15
_mKUC
999 _c135019
_d135019